Library Banner

Black woman walking: (Record no. 90240)

MARC details
000 -LEADER
fixed length control field 00440nam a22001577a 4500
005 - DATE AND TIME OF LATEST TRANSACTION
control field 20170214105934.0
008 - FIXED-LENGTH DATA ELEMENTS--GENERAL INFORMATION
fixed length control field 170119b xxu||||| |||| 00| 0 eng d
020 ## - INTERNATIONAL STANDARD BOOK NUMBER
International Standard Book Number 0954117905
040 ## - CATALOGING SOURCE
Transcribing agency PK-LaUMT
082 ## - DEWEY DECIMAL CLASSIFICATION NUMBER
Classification number 301.092
Item number STO-B
100 ## - MAIN ENTRY--PERSONAL NAME
Personal name Stone, Maureen
245 ## - TITLE STATEMENT
Title Black woman walking:
Remainder of title a different experience of world travel/
Statement of responsibility, etc Maureen Stone
260 ## - PUBLICATION, DISTRIBUTION, ETC. (IMPRINT)
Place of publication, distribution, etc Cornwall:
Name of publisher, distributor, etc Beagay publications,
Date of publication, distribution, etc 2002
300 ## - PHYSICAL DESCRIPTION
Extent 394 p.
942 ## - ADDED ENTRY ELEMENTS (KOHA)
Koha item type Books
Holdings
Withdrawn status Lost status Damaged status Home library Current library Date acquired Full call number Barcode Date last seen Price effective from Koha item type
      UMT Main Campus UMT Main Campus 2017-01-19 301.092 STO-B 105131 2017-01-19 2017-01-19 Books